| 000 | 00000nam##2200000za#4500 |
| 001 | 9.649803 |
| 003 | CaOODSP |
| 005 | 20210615113935 |
| 007 | ta |
| 008 | 150407|2005||||xxc||||| f|0| 0 eng|d |
| 020 | |a0-660-19504-6 |
| 040 | |aCaOODSP|beng |
| 043 | |an-cn--- |
| 086 | 1 |aCS89-503/2005E |
| 245 | 00|aWomen in Canada : |ba gender-based statistical report |
| 250 | |a5th edition |
| 260 | |aOttawa - Ontario : |bStatistics Canada |c2006. |
| 300 | |a309p. : |bgraphs, tables ; |c28 cm. |
| 500 | |a"Target Groups Project". |
| 520 | 3 |aAnalyzes the situation of Canadian women by exploring their demographic and cultural characteristics, living arrangements, income, labour force activity, health and criminal and victimization characteristics. |
| 563 | |aSoftcover |
| 590 | |a06-13|b2006-03-31 |
| 690 | 07|aWomen|2gcpds |
| 710 | 2 |aStatistics Canada. |
| 775 | 08|tFemmes au Canada : |w(CaOODSP)9.682953 |
| 776 | 0#|tWomen in Canada : |w(CaOODSP)9.687672 |